000 00453nam a2200181Ia 4500
001 4972
005 20260306145834.0
008 260306t2000||||xx |||||||||||||| ||spa||
041 _aESP
082 _a332.1
_bS17
100 _aSalazar B., José E.
_eAUT
245 0 _aEl banquero exitoso del tercer milenio:
_bla fórmula verde
260 _c2000
300 _a146 páginas :
_c20 cm.
650 _aGEN
654 _aCAN
942 _cLIB
_dJUS
_fJUS
_2ddc
_n
999 _c4972
_d4972